| 000 | 00527nam a22001817a 4500 | ||
|---|---|---|---|
| 005 | 20171106122916.0 | ||
| 010 | _aENG-121228 | ||
| 020 |
_c250.00 _a9789350451380 |
||
| 035 | _aEN-104760 | ||
| 037 | _bDBAD/PUB | ||
| 082 | _a881 | ||
| 100 | _aKannabiran,Vasanth | ||
| 245 |
_aMenaka and other ballets / _cby Vasant Kannabiran |
||
| 260 |
_aCalcutta _bA Writers Workshop Publication _c2016 |
||
| 270 |
_a162/92 Lake Gardens _bCalcutta _e700045 |
||
| 300 |
_a100p. _c22cm(Hb) |
||
| 942 |
_2ddc _cEN _h881 _mKAN |
||
| 999 |
_c147182 _d147182 |
||